[Event "VIE-chT (Women)"]
[Site "Ho Chi Minh City"]
[Date "2017.07.29"]
[Round "9.45"]
[White "Ho, Dac Thao Van"]
[Black "Huynh, Ngoc Nhu Y"]
[Result "1-0"]
[WhiteElo "1892"]
[BlackElo "1889"]
[PlyCount "88"]
[EventDate "2017.07.24"]
[EventType "team-swiss"]
[EventRounds "9"]
[EventCountry "VIE"]
[SourceTitle "EXT 2019"]
[Source "ChessBase"]
[SourceDate "2018.10.10"]
[SourceVersion "1"]
[SourceVersionDate "2018.10.10"]
[SourceQuality "1"]

1. b3 e5 2. Bb2 Nc6 3. d3 Bc5 4. e3 Nf6 5. Be2 d6 6. h3 0-0 7. Nf3 h6 8. 0-0 Nh7 9. Nbd2 Qf6 10. Ne4 Qe6 11. Nh4 Qe7 12. Nf3 d5 13. Nxc5 Qxc5 14. Nxe5 Nxe5 15. Bxe5 Qe7 16. Bb2 Qg5 17. Bg4 Nf6 18. Bxc8 Raxc8 19. Qf3 Nh5 20. Qg4 Qg6 21. Qxg6 fxg6 22. g4 Nf6 23. Bxf6 Rxf6 24. Kg2 Rcf8 25. Rae1 Re6 26. c3 Re5 27. e4 Rg5 28. f4 Rxg4+ 29. hxg4 dxe4 30. Rxe4 Rd8 31. Rf3 Rd5 32. d4 h5 33. g5 b6 34. b4 c5 35. c4 Rf5 36. bxc5 bxc5 37. d5 Rf7 38. Rfe3 a5 39. Re8+ Kh7 40. Kg3 a4 41. R8e7 Rf5 42. d6 a3 43. d7 h4+ 44. Kg4 h3 1-0